Nghệ thuật 1 : Sách giáo viên /
Αποθηκεύτηκε σε:
| Άλλοι συγγραφείς: | , , , , , , , , , |
|---|---|
| Μορφή: | Sách giấy |
| Γλώσσα: | Vietnamese |
| Έκδοση: |
H. :
Giáo dục,
2002.
|
| Θέματα: | |
| Ετικέτες: |
Προσθήκη ετικέτας
Δεν υπάρχουν, Καταχωρήστε ετικέτα πρώτοι!
|
| Thư viện lưu trữ: | Thư viện Trường Đại học Đà Lạt |
|---|
| LEADER | 01023nam a2200397 4500 | ||
|---|---|---|---|
| 001 | DLU120133465 | ||
| 005 | ##20120411 | ||
| 040 | # | # | |a DLU |b vie |
| 041 | # | # | |a vie |
| 044 | # | # | |a vn |
| 082 | # | # | |a 700 |b Ngh |
| 245 | # | # | |a Nghệ thuật 1 : |b Sách giáo viên / |c Hoàng Long, ...[et al.]. |
| 260 | # | # | |a H. : |b Giáo dục, |c 2002. |
| 300 | # | # | |a 251 tr. : |b minh hoạ ; |c 24 cm. |
| 650 | # | # | |a Nghệ thuật |x Dạy và học (Tiểu học). |
| 700 | # | # | |a Đàm Luyện. |
| 700 | # | # | |a Đoàn Chi. |
| 700 | # | # | |a Bùi Đỗ Thuật. |
| 700 | # | # | |a Hàn Ngọc Bích. |
| 700 | # | # | |a Hoàng Long. |
| 700 | # | # | |a Lê Minh Châu. |
| 700 | # | # | |a Nguyễn Hữu Hạnh. |
| 700 | # | # | |a Nguyễn Hoành Thông. |
| 700 | # | # | |a Nguyễn Quốc Toản. |
| 700 | # | # | |a Trịnh Kim Thanh. |
| 923 | # | # | |a 01/2012SP |
| 991 | # | # | |a SH |
| 992 | # | # | |a 9600 |
| 994 | # | # | |a KSP |
| 900 | # | # | |a True |
| 911 | # | # | |a Nguyễn Thanh Hương |
| 925 | # | # | |a G |
| 926 | # | # | |a A |
| 927 | # | # | |a SH |
| 980 | # | # | |a Thư viện Trường Đại học Đà Lạt |